[Event "St Petersburg-ch sf (Women)"]
[Site "St Petersburg"]
[Date "2006.12.05"]
[Round "3"]
[White "Ananyeva, Taisia"]
[Black "Fedorova, Anna"]
[Result "1-0"]
[WhiteElo "1816"]
[BlackElo "2016"]
[PlyCount "77"]
[EventDate "2006.11.30"]
[EventType "swiss"]
[EventRounds "9"]
[EventCountry "RUS"]
[SourceTitle "EXT 2019"]
[Source "ChessBase"]
[SourceDate "2018.10.10"]
[SourceVersion "1"]
[SourceVersionDate "2018.10.10"]
[SourceQuality "1"]

1. e4 c5 2. Nf3 d6 3. c3 Nf6 4. Bc4 e6 5. Qe2 Nc6 6. Bb3 Be7 7. 0-0 0-0 8. Rd1 Qc7 9. d4 cxd4 10. cxd4 d5 11. e5 Nd7 12. Nc3 a6 13. a3 b5 14. Bc2 b4 15. Na4 a5 16. Qd3 g6 17. h4 Ba6 18. Qd2 Rfc8 19. Bb1 Bb5 20. b3 Bxa4 21. bxa4 Nb6 22. h5 Nxa4 23. hxg6 fxg6 24. Bxg6 hxg6 25. Qh6 Kf7 26. Qh7+ Ke8 27. Qxg6+ Kd7 28. Ng5 Bxg5 29. Bxg5 Nd8 30. Rd3 Qb6 31. Qh7+ Kc6 32. Qe7 Kb5 33. axb4 axb4 34. Rb1 Ka5 35. Bd2 Rc4 36. Rdb3 Nc6 37. Qxe6 Nxd4 38. Qxd5+ Rc5 39. Qxa8+ 1-0